000 00818nam a2200265 a 4500
001 54537
003 BD-RjUL
005 20211209080132.0
008 880217s1987 ie ab 000 0 eng d
020 _a0951247506 O'Brien
020 _a0951247409
035 _a(BD-RjUL)54659
040 _aBD-RjUL
_beng
_cBD-RjUL
_dBD-RjUL
041 _aeng
082 _a821.7
_223
_bCLA 1966
245 1 0 _aClare :
_b selected poems and prose /
_cEric Robinson; Geoffrey Summerfield
260 _aOxford :
_bOxford Uinversity Press,
_cc1966
300 _a247 p. :
_bill. ;
_c21 cm
504 _aBibliography: p195-196. - Includes index
650 _aClare, John, -- 1793-1864.
_9162692
651 0 _aClare (Ireland)
_xGuidebooks
_9162693
700 1 _aSummerfield, Geoffrey
_9143010
942 _2ddc
_cBK
999 _c54537
_d54537